000 00471nam a22001817a 4500
005 20240517085252.0
008 240517b |||||||| |||| 00| 0 eng d
020 _a9789352500055
082 _a617.7
_bJOG-B
100 _aJogi;Renu
245 _aBasic Ophthalmology /
_cRenu Jogi
250 _a5th ed.
260 _aIndia :
_bJaypee ;
_c2016
300 _axiii ;575p. :
_bill;
_c24 cm.
500 _ainclude index .
650 _aMedical / Ophthalmology
999 _c35786
_d35786